Marvel Villains Starting with P (by picture) - Statistics

General Stats
  • This quiz has been taken 46 times
  • The average score is 9 of 21
Answer Stats
Picture Answer % Correct
Pyro
94%
Prowler
90%
Proxima Midnight
81%
Purple Man
81%
Puppet-Master
61%
Puma
58%
Piledriver
52%
Porcupine
48%
Puff Adder
42%
Paladin
39%
Paste-Pot Pete
35%
Plantman
35%
Princess Python
35%
Pisces
29%
Prism
26%
Piranha
19%
Psycho-Man
19%
Proctor
16%
Panda-Mania
13%
Peotor
13%
Plunderer
13%
No matching quizzes found
Score Distribution
Percent of People with Each Score
Percentile by Number Answered
Your Score History
You have not taken this quiz